00625cam a22001572 4500001001100000005001700011008004100028040001500069100003800084245018500122250001300307260004100320300002100361502004500382650004000427000002498820151217161558.0140410s xx 000 0 eng d aKABUcKABU1 aKabiga, Lilian Njeri.@000018280410aEvaluating the effect of new technologies in warehousing operations in public sector organizations :ba case study of Kenya Power & Lighting Company Limited /cLilian Njeri Kabiga. a1st ed. aNakuru :bKabarak University,c2012. axiii, 79 leaves. aThesis (MBA) - Kabarak University, 2012. 0aWarehousesxManagement.@0000182805